000 00897nam a2200265 i 4500
001 000025496
003 DO-SdBNP
005 20241112133856.0
007 ta
008 110217s2000 dr abc 000 0 spa d
040 _aDO-SdBNP
_bspa
_cBNPHU
_erda
082 _axxx
_bS211a
_222
100 1 _aSánchez Javier, Leónidas
_eautor
_952140
245 1 4 _aLos Arabes y sus descendientes en la República Dominicana :
_bun enfoque sociocultural.
264 _aSanto Domingo :
_bFondo Editorial Cooprouni,
_c2000.
300 _a163 páginas :
_bilustracion, retrato., mapa ;
_c23 cm.
336 _ardacontent
_btexto
_2txt
337 _ardamedia
_bsin mediación
_2n
338 _ardacarrier
_bvolumen
_2nc
500 _aIncluye datos biográficos del autor en la solapa de las cubierta
504 _aBibliografía : p. 159-163
590 _aInventariado, 2024/DG
910 _aDG
942 _2ddc
_cLBS1
999 _c24988
_d24988